[Event "GER-chT U20 Girls"]
[Site "Braunschweig"]
[Date "2019.12.29"]
[Round "5.5"]
[White "Oberhofer, Marie"]
[Black "Puls, Luisa"]
[Result "1-0"]
[WhiteElo "1700"]
[BlackElo "1551"]
[PlyCount "53"]
[EventDate "2019.12.27"]
[EventType "team-swiss"]
[EventRounds "7"]
[EventCountry "GER"]
[SourceTitle "CBM 194 Extra"]
[Source "ChessBase"]
[SourceDate "2020.03.31"]
[SourceVersion "1"]
[SourceVersionDate "2020.03.31"]
[SourceQuality "1"]
[WhiteTeam "Regensburg Bavaria"]
[BlackTeam "Guestrow/Teterow"]
[WhiteTeamCountry "GER"]
[BlackTeamCountry "GER"]

1. e4 c5 2. Nf3 d6 3. d4 cxd4 4. Nxd4 Nf6 5. Nc3 g6 6. Be3 Bg7 7. f3 0-0 8. Qd2 Nc6 9. 0-0-0 Nxd4 10. Bxd4 Be6 11. Nd5 Bxd5 12. exd5 Qc7 13. h4 h5 14. Bd3 Nxd5 15. Bxg7 Kxg7 16. Bxg6 fxg6 17. Qxd5 Rac8 18. c3 Kh7 19. g4 hxg4 20. h5 Qd7 21. hxg6+ Kg7 22. Rh7+ Kf6 23. g7 Rg8 24. fxg4 Qxg4 25. Rf1+ Kg6 26. Qd3+ Kg5 27. Qe3+ 1-0

[Event "GER-chT U20 Girls"]
[Site "Braunschweig"]
[Date "2019.12.29"]
[Round "6.4"]
[White "Puls, Luisa"]
[Black "Kung, Fanny"]
[Result "1-0"]
[WhiteElo "1551"]
[BlackElo "1426"]
[PlyCount "41"]
[EventDate "2019.12.27"]
[EventType "team-swiss"]
[EventRounds "7"]
[EventCountry "GER"]
[SourceTitle "CBM 194 Extra"]
[Source "ChessBase"]
[SourceDate "2020.03.31"]
[SourceVersion "1"]
[SourceVersionDate "2020.03.31"]
[SourceQuality "1"]
[WhiteTeam "Guestrow/Teterow"]
[BlackTeam "Leegebruch"]
[WhiteTeamCountry "GER"]
[BlackTeamCountry "GER"]

1. e4 d5 2. exd5 Qxd5 3. Nc3 Qd6 4. d3 Nf6 5. Nf3 a6 6. g3 Bg4 7. Bg2 e6 8. 0-0 Nc6 9. Re1 Be7 10. Be3 0-0 11. Qd2 Rad8 12. Bf4 Qd7 13. Ne5 Nxe5 14. Bxe5 c6 15. Ne4 Nxe4 16. Bxe4 f6 17. Qf4 Bh5 18. Qh4 Qe8 19. g4 Bxg4 20. Qxh7+ Kf7 21. Bg6# 1-0

[Event "GER-chT U20 Girls"]
[Site "Braunschweig"]
[Date "2019.12.27"]
[Round "1.2"]
[White "Sherif, Amina"]
[Black "Puls, Luisa"]
[Result "1-0"]
[WhiteElo "1945"]
[BlackElo "1551"]
[PlyCount "53"]
[EventDate "2019.12.27"]
[EventType "team-swiss"]
[EventRounds "7"]
[EventCountry "GER"]
[SourceTitle "CBM 194 Extra"]
[Source "ChessBase"]
[SourceDate "2020.03.31"]
[SourceVersion "1"]
[SourceVersionDate "2020.03.31"]
[SourceQuality "1"]
[WhiteTeam "Harksheide"]
[BlackTeam "Guestrow/Teterow"]
[WhiteTeamCountry "GER"]
[BlackTeamCountry "GER"]

1. e4 c5 2. Nf3 d6 3. d4 cxd4 4. Nxd4 Nf6 5. Nc3 g6 6. g3 Bg7 7. Bg2 0-0 8. 0-0 Nbd7 9. h3 Re8 10. Be3 Ne5 11. b3 Bd7 12. Qd2 Bc6 13. Rac1 Rc8 14. f4 Ned7 15. Nxc6 bxc6 16. Bxa7 Qa5 17. Be3 Red8 18. Rfd1 Nc5 19. Nd5 Qxd2 20. Nxf6+ Bxf6 21. Rxd2 Na6 22. c4 Nb4 23. a3 Na6 24. b4 Bg7 25. Rcd1 Nb8 26. c5 d5 27. exd5 1-0

[Event "GER-ch U25-B"]
[Site "Willingen"]
[Date "2019.06.12"]
[Round "5"]
[White "Puls, Luisa"]
[Black "Lau, Theodor"]
[Result "1-0"]
[WhiteElo "1465"]
[BlackElo "1670"]
[PlyCount "33"]
[EventDate "2019.06.08"]
[EventType "swiss"]
[EventRounds "9"]
[EventCountry "GER"]
[SourceTitle "CBM 191 Extra"]
[Source "ChessBase"]
[SourceDate "2019.09.30"]
[SourceVersion "1"]
[SourceVersionDate "2019.09.30"]
[SourceQuality "1"]

1. e4 c5 2. Nf3 Nc6 3. d4 cxd4 4. Nxd4 g6 5. c4 Bg7 6. Be3 Nf6 7. Nc3 d6 8. Be2 Bd7 9. 0-0 a6 10. Nc2 Rc8 11. Qd2 Ne5 12. b3 0-0 13. f3 Qc7 14. Nb4 Bc6 15. Rac1 Ned7 16. Nbd5 Nxd5 17. cxd5 1-0

[Event "Youth District Germany"]
[Site "Wuerzburg"]
[Date "2018.10.04"]
[Round "3.7"]
[White "Puls, Luisa"]
[Black "Roessel, Gino"]
[Result "1/2-1/2"]
[WhiteElo "1456"]
[BlackElo "1778"]
[PlyCount "66"]
[EventDate "2018.10.02"]
[EventType "team-swiss"]
[EventRounds "7"]
[EventCountry "GER"]
[SourceTitle "CBM 186 Extra"]
[Source "ChessBase"]
[SourceDate "2018.08.24"]
[SourceVersion "1"]
[SourceVersionDate "2018.08.24"]
[SourceQuality "1"]
[WhiteTeam "Mecklenburg-Vorpommern U20"]
[BlackTeam "Sachsen U20"]
[WhiteTeamCountry "GER"]
[BlackTeamCountry "GER"]

1. d4 d5 2. c4 e6 3. Nf3 c6 4. Bg5 Be7 5. Bxe7 Nxe7 6. e3 Nd7 7. Bd3 Nf6 8. 0-0 0-0 9. Nbd2 Nf5 10. Qc2 Bd7 11. Rfc1 Rc8 12. c5 Qc7 13. Ne5 g6 14. b4 Ne8 15. Qb2 f6 16. Nef3 Neg7 17. a4 Rfe8 18. b5 g5 19. b6 axb6 20. cxb6 Qd6 21. a5 g4 22. Ne1 h5 23. g3 h4 24. a6 bxa6 25. b7 Rb8 26. Rxa6 hxg3 27. hxg3 Qc7 28. Ra7 Kf7 29. Rb1 Rh8 30. Qb6 Qd6 31. Qc5 Qc7 32. Qb6 Qd6 33. Qc5 Qc7 1/2-1/2

[Event "GER-ch U16 Girls"]
[Site "Willingen"]
[Date "2018.05.23"]
[Round "5"]
[White "Puls, Luisa"]
[Black "Naumenko, Valerija"]
[Result "0-1"]
[WhiteElo "1408"]
[BlackElo "1749"]
[PlyCount "40"]
[EventDate "2018.05.19"]
[EventType "swiss"]
[EventRounds "9"]
[EventCountry "GER"]
[SourceTitle "CBM 184 Extra"]
[Source "ChessBase"]
[SourceDate "2018.06.28"]
[SourceVersion "1"]
[SourceVersionDate "2018.06.28"]
[SourceQuality "1"]

1. d4 d5 2. c4 e6 3. Nc3 Nf6 4. Bg5 Be7 5. e3 h6 6. Bf4 0-0 7. Bd3 dxc4 8. Bxc4 b6 9. Qf3 Ba6 10. Qxa8 Bxc4 11. Qxa7 Nd5 12. Nxd5 Qxd5 13. Nf3 Bb4+ 14. Kd1 Qe4 15. Qa4 c5 16. b3 Qd3+ 17. Kc1 Qc3+ 18. Kd1 Qxa1+ 19. Kc2 Qc3+ 20. Kd1 Bd3 0-1

[Event "Mecklenburg VP-ch U16"]
[Site "Malchow"]
[Date "2018.02.07"]
[Round "5.4"]
[White "Meiske, Moritz"]
[Black "Puls, Luisa"]
[Result "1/2-1/2"]
[WhiteElo "1271"]
[BlackElo "1310"]
[PlyCount "117"]
[EventDate "2018.02.07"]
[EventType "swiss"]
[EventRounds "7"]
[EventCountry "GER"]
[SourceTitle "EXT 2022"]
[Source "ChessBase"]
[SourceDate "2021.10.06"]
[SourceVersion "1"]
[SourceVersionDate "2021.10.06"]
[SourceQuality "1"]

1. c4 e5 2. Nc3 Nf6 3. g3 Bb4 4. Bg2 0-0 5. e4 Bxc3 6. bxc3 Re8 7. Ne2 d6 8. 0-0 Nbd7 9. Qc2 Rb8 10. d3 Nb6 11. Bg5 h6 12. Be3 Be6 13. Bxb6 cxb6 14. f4 Ng4 15. Qd2 Qc7 16. h3 Nf6 17. f5 Bd7 18. g4 Nh7 19. f6 Nxf6 20. g5 hxg5 21. Qxg5 Nh7 22. Qh5 Be6 23. Rf3 Qe7 24. Rg3 Rf8 25. Rf1 f6 26. h4 Qf7 27. Qxf7+ Rxf7 28. Bh3 Bxh3 29. Rxh3 Rc8 30. Ng3 g6 31. h5 gxh5 32. Rf5 b5 33. Rfxh5 Rg7 34. Kf2 bxc4 35. Nf5 Rd7 36. Nxd6 Rxd6 37. Rxh7 Rf8 38. Rh8+ Kf7 39. R3h7+ Ke8 40. Rxf8+ Kxf8 41. dxc4 Rd3 42. Rxb7 Rxc3 43. Rxa7 Rxc4 44. Kg3 Rxe4 45. a4 Ke8 46. Kf3 Rd4 47. a5 Ra4 48. Ke3 f5 49. Kf3 Ra3+ 50. Ke2 e4 51. Kf2 f4 52. Rh7 Ra2+ 53. Kf1 Rxa5 54. Rh4 Rf5 55. Ke1 e3 56. Ke2 f3+ 57. Kf1 f2 58. Re4+ Kf7 59. Rxe3 1/2-1/2

[Event "Mecklenburg VP U14"]
[Site "Malchow"]
[Date "2016.02.02"]
[Round "7.8"]
[White "Puls, Luisa"]
[Black "Riebe, Leonie"]
[Result "1-0"]
[WhiteElo "1246"]
[BlackElo "1050"]
[PlyCount "131"]
[EventDate "2016.02.02"]
[EventType "swiss"]
[EventRounds "7"]
[EventCountry "GER"]
[SourceTitle "EXT 2024"]
[Source "ChessBase"]
[SourceDate "2023.10.10"]
[SourceVersion "1"]
[SourceVersionDate "2023.10.10"]
[SourceQuality "1"]

1. e4 e5 2. Nf3 Nc6 3. d4 exd4 4. Nxd4 Nxd4 5. Qxd4 Ne7 6. Nc3 Nc6 7. Qd1 b6 8. Be3 Bb7 9. Bd3 Bb4 10. Bd2 Ne5 11. a3 Bxc3 12. Bxc3 Qg5 13. Bxe5 Qxe5 14. c3 0-0-0 15. Qe2 Rhe8 16. f3 d5 17. 0-0 f5 18. Ba6 fxe4 19. fxe4 dxe4 20. Qg4+ Kb8 21. Bxb7 Kxb7 22. Rf7 Re7 23. Raf1 g6 24. Qh4 Rdd7 25. Rxe7 Rxe7 26. Rf8 Qc5+ 27. Kh1 Rd7 28. Qxe4+ Ka6 29. Qa4+ Kb7 30. Qxd7 Qxf8 31. h3 h5 32. b4 a6 33. a4 h4 34. Qd5+ Kb8 35. Qg5 Qd6 36. Qxh4 c5 37. a5 b5 38. Qh8+ Kb7 39. Qg7+ Kc6 40. bxc5 Kxc5 41. Qa7+ Kc4 42. Qb6 Qd1+ 43. Kh2 Kxc3 44. Qxa6 b4 45. Qc6+ Kd2 46. Qd5+ Ke1 47. Qxd1+ Kxd1 48. a6 b3 49. a7 b2 50. a8Q b1Q 51. Qf3+ Ke1 52. g4 g5 53. Qh1+ Ke2 54. Qxb1 Kf3 55. Qf5+ Ke3 56. Qxg5+ Kd4 57. h4 Kc4 58. h5 Kd3 59. h6 Kc3 60. h7 Kc4 61. h8Q Kd3 62. Qge5 Kd2 63. Qd8+ Kc2 64. Qc5+ Kb3 65. Qb8+ Ka4 66. Qcb4# 1-0

[Event "Mecklenburg VP U14"]
[Site "Malchow"]
[Date "2016.02.02"]
[Round "3.4"]
[White "Stadach, Pepe"]
[Black "Puls, Luisa"]
[Result "1-0"]
[WhiteElo "1240"]
[BlackElo "1246"]
[PlyCount "43"]
[EventDate "2016.02.02"]
[EventType "swiss"]
[EventRounds "7"]
[EventCountry "GER"]
[SourceTitle "EXT 2024"]
[Source "ChessBase"]
[SourceDate "2023.10.10"]
[SourceVersion "1"]
[SourceVersionDate "2023.10.10"]
[SourceQuality "1"]

1. e4 e5 2. Nf3 Nc6 3. Bc4 Bc5 4. Nc3 Nf6 5. d3 d6 6. Be3 Bb6 7. Qd2 Bg4 8. 0-0-0 h6 9. h3 Bh5 10. g4 Bg6 11. g5 Bh5 12. gxf6 Bxf3 13. fxg7 Rg8 14. Bxh6 Bxd1 15. Rxd1 Qf6 16. Nd5 Qh4 17. Bg5 Qxf2 18. Qxf2 Rxg7 19. Nxb6 axb6 20. Rg1 Rh7 21. Be3 0-0-0 22. Qf5+ 1-0

[Event "Mecklenburg VP-ch U12"]
[Site "Malchow"]
[Date "2014.02.01"]
[Round "2"]
[White "Puls, Luisa"]
[Black "Riebe, Leonie"]
[Result "1-0"]
[WhiteElo "832"]
[BlackElo "930"]
[PlyCount "80"]
[EventDate "2014.02.01"]
[EventType "swiss"]
[EventRounds "7"]
[EventCountry "GER"]
[SourceTitle "EXT 2017"]
[Source "ChessBase"]
[SourceDate "2016.10.25"]
[SourceVersion "1"]
[SourceVersionDate "2016.10.25"]
[SourceQuality "1"]

1. e4 e5 2. Nf3 Nc6 3. Bc4 Bc5 4. Nc3 d6 5. d3 Nf6 6. 0-0 Bg4 7. h3 Bh5 8. Bg5 Nd4 9. Nxd4 Bxd1 10. Nf5 Rg8 11. Rfxd1 Qd7 12. Bb5 c6 13. Ba4 0-0-0 14. Nd5 Qe6 15. Nfe7+ Kb8 16. Nxg8 Rxg8 17. c3 Nxd5 18. exd5 Qxd5 19. Bb3 Qxg2+ 20. Kxg2 Rf8 21. d4 Bb6 22. dxe5 dxe5 23. Be3 Bd8 24. Bc5 Re8 25. Bxf7 Rh8 26. Bd6+ Ka8 27. Bxe5 Rf8 28. Rd7 Bb6 29. Bxg7 Rc8 30. Re1 a5 31. a3 Ka7 32. b4 Ka6 33. Bc4+ Ka7 34. Bd4 Bxd4 35. cxd4 Rg8+ 36. Bxg8 h6 37. d5 cxd5 38. Bxd5 Ka6 39. bxa5 Kxa5 40. Rxb7 h5 1-0